| 000 | 03272nam a2200313Ia 4500 | ||
|---|---|---|---|
| 003 | OSt | ||
| 005 | 20210909164053.0 | ||
| 008 | 210310s1994 ck ad fr 000 0dspa d | ||
| 020 | _a9586014746 | ||
| 040 |
_aCO-JMCR _cCO-JMCR |
||
| 041 | 0 | _aspa | |
| 082 | 0 | 4 |
_a339.861 / _bS822e _223 |
| 100 | 1 |
_aSteiner, Roberto, _917552 _ecompilador |
|
| 245 | 1 | 0 |
_aEstabilización y crecimiento : _bnuevas lecturas de macroeconomía colombiana / _cRoberto Steiner, compilador ; [los autores, Alejandro Gaviria, José Darío Uribe, Alejandro López [y otros 8]] |
| 250 | _aPrimera edición | ||
| 260 |
_aBogotá : _bTercer Mundo : Fedesarrollo, _c1994 |
||
| 300 |
_axvi, 249 páginas : _bilustraciones y gráficas a blanco y negro ; _c23 cm. |
||
| 490 | 0 | _aEconomía colombiana | |
| 500 | _aIncluye notas a pie de página y datos biográficos del autor. | ||
| 504 | _aBibliografía al final de cada capítulo. | ||
| 505 | 0 |
_a
_tChoques exógenos y cambios estructurales. Colombia: 1936-1991 / _rAlejandro Gaviria, José Darío Uribe _tLa teoría del ingreso permanente y las restricciones de liquidez en Colombia / _rAlejandro López _tLa macroeconomía del déficit del sector público: el caso de Colombia / _rWilliam Easterly _tEl papel del capital público en la producción, la inversión y el crecimiento económico en Colombia / _rFabio Sánchez Torres _tLa enfermedad holandesa y el caso colombiano / _rSven Wunder _tEl petróleo de Cusiana, las perspectivas y la política económica / _rCarlos Esteban Posada y colegas _tCusiana y la política macroeconómica / _rEduardo Lora, Guillermo Perry, Felipe Barrera _tCrecimiento y convergencia en Colombia: 1950-1990 / _rMauricio Cárdenas |
|
| 520 | 3 | _aEn este libro se reúnen importantes y recientes trabajos desarrollados en el área de la macroeconomía colombiana, y como hilo conductor se ha tomado el comportamiento de las principales variables macroeconómicas en presencia de diferentes tipos de perturbaciones, generalmente de carácter externo. La obra parte de la identificación de los cambios exógenos que han tenido un impacto significativo sobre la economía colombiana desde la dé cada de los años treinta en lo que respecta al producto interno bruto, la inversión, las exportaciones y las importaciones. Analiza la teoría del ingreso permanente para el caso colombiano, estudia los efectos macroeconómicos del déficit público y dilucida el impacto de la política fiscal sobre diversas variables de interés. La problemática de las bonanzas es una cuestión primordial que los autores consideran será el principal reto macroeconómico que ha de enfrentar el país. El fenómeno está estrechamente vinculado al desarrollo petrolero de Cusiana. Para completar el tema, tres investigadores hacen un análisis que permite comprender y que moldea la realidad institucional colombiana a partir de la promulgación de la Constitución de 1991. | |
| 650 |
_aEconomía _917554 _xEnsayos, conferencias, etc. _ySiglo XX _zColombia |
||
| 651 | 4 |
_aColombia _xPolítica económica _xEnsayos, conferencias, etc. _ySiglo XX _940219 |
|
| 700 | 1 |
_aGaviria, Alejandro, _eautor _926543 |
|
| 700 | 1 |
_aUribe, José Darío, _eautor _940220 |
|
| 700 | 1 |
_aLópez, Alejandro, _eautor _940221 |
|
| 942 |
_2ddc _cBK |
||
| 999 |
_c8534 _d8534 |
||